000 01000nam a2200241 a 4500
001 41080
003 BD-RjUL
005 20211209053327.0
008 160514s1974 ii ||||| |||| 00| 0 ben d
020 _cIRs. 8.00
035 _a(BD-RjUL)41196
040 _aBD-RjUL
_bben
_cBD-RjUL
_dBD-RjUL
041 _aben
082 _223
_a891.44092
_bBIM 1974
100 _aবিশী, শ্রী প্রমথনাথ
_9126382
245 1 0 _aমাইকেল মধুসূদন জীবনভাষ্য /
_cশ্রী প্রমথনাথ বিশী
260 _aকলিকাতা :
_bমিত্র ও ঘোষ,
_c১৯৭৪ (১৩৮১)
300 _a[৮], ১৩৫ পৃ. ;
_c২৩ সেমি.
500 _aপরিশিষ্ট সংযুক্ত
600 _aমাইকেল মধুসূদন দত্ত
_d১৮২৪-১৮৭৩
_xজীবনী
_9126383
600 _aMichel Madhusudan Dutta
_d1824-1873
_xBiography
_9126384
942 _2ddc
_cBK
999 _c41080
_d41080